|
|
|
|
| LEADER |
00854nam a2200229 u 4500 |
| 001 |
10111924 |
| 003 |
upatras |
| 005 |
20210117204925.0 |
| 008 |
140220r19811977uk eng |
| 040 |
|
|
|a GR-PaULI
|c GR-PaULI
|
| 041 |
0 |
|
|a eng
|
| 082 |
0 |
4 |
|a 813.5
|
| 100 |
1 |
|
|a Cussler, Clive
|d 1931-
|4 aut
|9 106863
|
| 245 |
1 |
0 |
|a Mayday!
|c Clive Cussler
|
| 260 |
|
|
|a London
|b Sphere books
|c 1981
|
| 300 |
|
|
|a 237 σ.
|c 18 εκ.
|
| 650 |
|
4 |
|a Αμερικανικό μυθιστόρημα
|y 20ός αιώνας
|9 54933
|
| 852 |
|
|
|a GR-PaULI
|b ΠΑΤΡΑ
|b ΒΚΠ
|b ΑΝΤ
|k ΟΧΙΔ
|h 813.5 CUS
|m 108760
|p 025000191263
|t 1
|
| 942 |
|
|
|2 ddc
|c BKN
|
| 952 |
|
|
|0 0
|1 0
|4 0
|6 813_500000000000000_CUS
|7 0
|9 163192
|a LISP
|b LISP
|c DON
|d 2016-04-24
|i 108760
|l 0
|o 813.5 CUS
|p 025000191263
|r 2016-04-24 00:00:00
|t 1
|w 2016-04-24
|y BKN
|
| 998 |
|
|
|c ΜΠΟΥΡΑΣ
|d 2014-02
|
| 999 |
|
|
|c 102366
|d 102366
|